[Event "Tourn. n8396"]
[Site "www.chess-mail.com"]
[Date "2016.01.14"]
[Round "1"]
[White "Seger"]
[Black "Aperturaf"]
[WhiteElo "2760"]
[BlackElo "2390"]
[Result "1-0"]
[Round "1"]
1.e4 e6
2.d4 d5
3.exd5 exd5
4.Bf1d3 Bf8d6
5.Ng1f3 Ng8f6
6.Qd1e2 Qd8e7
7.Qe2xe7 Bd6xe7
8.O-O O-O
9.Bc1f4 c5
10.dxc5 Be7xc5
11.Nb1c3 a6
12.Rf1e1 Bc8g4
13.Nf3d2 Nb8c6
14.Nd2b3 Bc5a7
15.Bf4g5 Bg4e6
16.Bg5xf6 gxf6
17.Nc3e2 Nc6e5
18.Ne2f4 Ra8c8
19.c3 Ne5xd3
20.Nf4xd3 Rf8e8
21.Nd3f4 Kg7
22.g3 Ba7b6
23.Ra1d1 Be6g4
24.Re1xe8 Rc8xe8
25.Rd1d2 Bg4f3
26.Kf1 Re8d8
27.Nb3d4 Bf3g4
28.h3 Bg4c8
29.Kg2 Bb6c7
30.Kf3 Kf8
31.h4 Bc8d7
32.Rd2d3 Bd7c8
33.Rd3d1 b6
34.Nf4g2 h5
35.Ng2e3 Bc8b7
36.Ke2 b5
37.Kd3 Rd8e8
38.Rd1g1 Re8e7
39.g4 Kg8
40.g5 Re7e4
41.gxf6 Kf8
42.f3 Re4f4
43.Ne3f5 Bc7e5
44.Rg1g5 Be5xd4
45.cxd4 Bb7c8
46.Nf5e7 Rf4xf6
47.Ne7xc8 Rf6xf3
48.Kc2 Rf3f4
49.Rg5xh5 Rf4xd4
50.Nc8b6 { resign }
1-0

[Event "Tourn. n8567"]
[Site "www.chess-mail.com"]
[Date "2016.01.14"]
[Round "1"]
[White "Mitja"]
[Black "Tonino1"]
[WhiteElo "1910"]
[BlackElo "2030"]
[Result "0-1"]
[Round "1"]
1.d4 Ng8f6
2.e3 g6
3.Ng1f3 Bf8g7
4.Bf1c4 O-O
5.O-O d5
6.Bc4b3 c6
7.c3 Qd8c7
8.h3 Nb8d7
9.Nb1a3 e5
10.Nf3xe5 Nd7xe5
11.dxe5 Qc7xe5
12.Na3c2 a6
13.Nc2d4 c5
14.Nd4f3 Qe5e6
15.a3 b5
16.Bb3a2 Bc8b7
17.b4 Nf6e4
18.Bc1b2 Bg7xc3
19.Bb2xc3 Ne4xc3
20.Qd1c2 Nc3xa2
21.Qc2xa2 Ra8c8
22.bxc5 Rc8xc5
23.Nf3d4 Qe6e4
24.Ra1c1 Rf8c8
25.Qa2b2 Rc5c4
26.Rf1e1 Qe4d3
27.Re1d1 Rc4xc1
28.Rd1xc1 Rc8c4
29.Kh1 Bb7c8
30.Kh2 Qd3e4
31.Kg1 f5
32.g3 g5
33.Kh2 f4
34.gxf4 gxf4
35.Rc1e1 fxe3
36.fxe3 Kh8
37.Re1g1 Qe4xe3
38.Nd4xb5 d4
39.Qb2g2 Qe3e5
40.Kh1 Bc8e6
41.Qg2a8 Rc4c8
{ resign }
0-1

[Event "Tourn. n8567"]
[Site "www.chess-mail.com"]
[Date "2016.01.14"]
[Round "1"]
[White "Tonino1"]
[Black "Bojan"]
[WhiteElo "2030"]
[BlackElo "2060"]
[Result "0-1"]
[Round "1"]
1.d4 g6
2.Ng1f3 Bf8g7
3.e3 d5
4.Bf1d3 a6
5.b3 Nb8c6
6.Bc1b2 Nc6b4
7.Bd3e2 Bc8f5
8.Nb1a3 Ng8f6
9.c3 Nb4c6
10.O-O Qd8d6
11.c4 Nf6g4
12.cxd5 Qd6xd5
13.Be2c4 Qd5d6
14.h3 Ng4f6
15.Nf3e5 e6
16.f3 g5
17.e4 Bf5g6
18.Ne5xg6 hxg6
19.e5 Qd6e7
20.exf6 Bg7xf6
21.Qd1d2 Ra8d8
22.Na3c2 b5
23.Bc4e2 Rh8h4
24.Rf1d1 Bf6e5
25.Bb2a3 b4
26.Ba3b2 a5
27.Be2b5 Qe7d6
28.Qd2xg5 Be5h2
29.Kh1 Rh4h5
30.Qg5f6 Rh5xb5
31.d5 Bh2e5
32.Qf6h4 Be5xb2
{ resign }
0-1

[Event "Tourn. n8535"]
[Site "www.chess-mail.com"]
[Date "2016.01.14"]
[Round "1"]
[White "Jjmcbride"]
[Black "Powerchess"]
[WhiteElo "1610"]
[BlackElo "1410"]
[Result "0-1"]
[Round "1"]
1.e4 c6
2.e5 d5
3.f4 Bc8f5
4.d3 e6
5.Ng1f3 Bf8c5
6.d4 Bc5b6
7.Nb1a3 Ng8e7
8.Nf3g5 h6
9.g4 hxg5
10.gxf5 Ne7xf5
11.c3 gxf4
12.Bc1xf4 Nb8d7
13.Qd1e2 Qd8e7
14.O-O-O O-O-O
 { time }
0-1

[Event "Tourn. n8523"]
[Site "www.chess-mail.com"]
[Date "2016.01.14"]
[Round "1"]
[White "Expert"]
[Black "Guidom"]
[WhiteElo "1900"]
[BlackElo "2040"]
[Result "1/2-1/2"]
[Round "1"]
1.c4 e5
2.Nb1c3 Nb8c6
3.Ng1f3 d6
4.d3 Ng8f6
5.g3 Bc8e6
6.Bf1g2 Bf8e7
7.O-O O-O
8.Nf3g5 Qd8d7
9.Ng5xe6 fxe6
10.Ra1b1 d5
11.Bc1g5 d4
12.Nc3b5 a6
13.Nb5a3 h6
14.Bg5d2 Ra8b8
15.Na3c2 b5
16.b3 b4
17.h3 Be7d6
18.Nc2e1 { draw }
1/2-1/2

[Event "Tourn. n8491"]
[Site "www.chess-mail.com"]
[Date "2016.01.14"]
[Round "1"]
[White "Luban"]
[Black "Norlavuaram"]
[WhiteElo "2030"]
[BlackElo "2300"]
[Result "1-0"]
[Round "1"]
1.d4 Ng8f6
2.c4 g6
3.Ng1f3 Bf8g7
4.e3 O-O
5.Nb1c3 d5
6.h3 dxc4
7.Bf1xc4 c5
8.O-O cxd4
9.exd4 Nb8c6
10.Bc1e3 e6
11.Qd1c2 Nc6b4
12.Qc2b3 Nb4c6
13.a3 Nc6a5
14.Qb3a2 Na5xc4
15.Qa2xc4 Bc8d7
16.Ra1c1 Bd7c6
17.Nf3e5 Ra8c8
18.Ne5xc6 Rc8xc6
19.Qc4e2 a6
20.b4 Qd8d7
21.Rf1d1 Qd7c8
22.Nc3a4 Qc8d7
23.Na4c5 Qd7c8
24.Qe2f3 Nf6d5
25.Nc5b3 Rc6xc1
26.Rd1xc1 Qc8d7
27.Nb3c5 Qd7e7
28.Qf3e2 Rf8c8
29.Qe2d2 Nd5xe3
30.fxe3 Qe7g5
31.Nc5xb7 Rc8xc1
32.Qd2xc1 h6
33.Qc1c3 Qg5b5
34.Qc3c8 Kh7
35.Nb7d6 Qb5e2
36.Qc8c3 Qe2d1
37.Kh2 Qd1f1
38.Qc3c7 Qf1f2
39.Nd6c4 Qf2c2
40.Qc7c5 Qc2c3
41.a4 Qc3e1
42.b5 axb5
43.axb5 Bg7f6
44.Qc5c7 Bf6g7
45.b6 { resign }
1-0

[Event "Tourn. n8525"]
[Site "www.chess-mail.com"]
[Date "2016.01.14"]
[Round "1"]
[White "Guidom"]
[Black "Dimos40"]
[WhiteElo "2040"]
[BlackElo "2159"]
[Result "0-1"]
[Round "1"]
1.e4 c5
2.Ng1f3 d6
3.c4 Ng8f6
4.d3 Nb8c6
5.Nb1c3 e6
6.Bf1e2 Bf8e7
7.O-O O-O
8.Bc1g5 Nc6d4
9.Nf3xd4 cxd4
10.Nc3b1 a6
11.Nb1d2 b5
12.cxb5 axb5
13.Nd2b3 Qd8b6
14.f4 e5
15.fxe5 dxe5
16.Qd1d2 Nf6xe4
17.dxe4 Be7xg5
18.Qd2xg5 d3
19.Kh1 dxe2
20.Rf1e1 Bc8e6
21.Nb3c1 Qb6f2
22.Nc1d3 Qf2d4
23.Qg5g3 Rf8d8
24.Nd3xe5 Qd4xb2
25.Ne5c6 Qb2xa1
26.Re1xa1 Rd8d1
{ resign }
0-1

[Event "Tourn. n8531"]
[Site "www.chess-mail.com"]
[Date "2016.01.14"]
[Round "1"]
[White "Scasan55"]
[Black "Xkafi"]
[WhiteElo "2120"]
[BlackElo "2020"]
[Result "1-0"]
[Round "1"]
1.e4 e5
2.Ng1f3 Nb8c6
3.Bf1c4 Bf8c5
4.Nb1c3 Nc6d4
5.O-O Ng8f6
6.d3 h6
7.Nf3xe5 d6
8.Ne5xf7 Qd8e7
9.Nf7xh8 Bc8g4
10.Qd1d2 Bg4h5
11.Nc3d5 Nf6xd5
12.Bc4xd5 Qe7f8
13.c3 Nd4e2
14.Kh1 g5
15.Nh8g6 Qf8f6
16.f3 Ne2xc1
17.Ra1xc1 Qf6xg6
18.d4 Bc5b6
19.Bd5xb7 Ra8b8
20.Bb7c6 Ke7
21.Rc1e1 Qg6e6
22.f4 gxf4
23.Qd2xf4 Rb8h8
24.Qf4h4 { resign }
1-0

[Event "Match"]
[Site "www.echecsemail.com"]
[Date "2016.01.14"]
[Round "1"]
[White "Ostapbender"]
[Black "Jhw"]
[WhiteElo "2780"]
[BlackElo "2020"]
[Result "1-0"]
[Round "1"]
1.d4 c6
2.c4 d5
3.Ng1f3 Bc8g4
4.Nf3e5 h5
5.Nb1c3 dxc4
6.h3 Bg4e6
7.e4 Nb8d7
8.Ne5xc4 Be6xc4
9.Bf1xc4 e5
10.Bc1e3 Bf8b4
11.O-O Bb4xc3
12.bxc3 exd4
13.cxd4 b5
14.Bc4b3 Ng8e7
15.Qd1f3  { time }
1-0

[Event "Match"]
[Site "www.echecsemail.com"]
[Date "2016.01.14"]
[Round "1"]
[White "Pinehill"]
[Black "Hundegana"]
[WhiteElo "2060"]
[BlackElo "1920"]
[Result "0-1"]
[Round "1"]
1.e4 c5
2.Ng1f3 d6
3.d4 e6
4.Bf1b5 Bc8d7
5.Bb5xd7 Nb8xd7
6.c3 Ra8c8
7.O-O g6
8.Bc1e3 Bf8g7
9.Nb1d2 Ng8e7
10.Rf1e1 cxd4
11.cxd4 b6
12.b3 O-O
13.Ra1c1 Rc8xc1
14.Qd1xc1 Qd8b8
15.Qc1a3 Rf8c8
16.e5 Ne7d5
17.Qa3xd6 Qb8xd6
{ resign }
0-1

[Event "Match"]
[Site "www.echecsemail.com"]
[Date "2016.01.14"]
[Round "1"]
[White "Pablincho"]
[Black "Darknight"]
[WhiteElo "1870"]
[BlackElo "1730"]
[Result "0-1"]
[Round "1"]
1.e4 e5
2.Ng1f3 d6
3.d4 exd4
4.Qd1xd4 h6
5.Bf1c4 Qd8e7
6.O-O Nb8d7
7.Nb1c3 c6
8.b4 a6
9.Bc1f4 Ng8f6
10.Nf3h4 b5
11.Nh4f5 Qe7d8
12.Bf4xd6 bxc4
13.Qd4xc4 Nd7b6
14.Qc4xc6 Bc8d7
15.Qc6c7 Qd8xc7
16.Bd6xc7 Nb6c8
17.a3 g6
18.Nf5g3 Bf8g7
19.Bc7e5 O-O
20.f4 Nc8b6
21.Ra1d1 Nf6g4
22.Be5xg7 Kxg7
23.Rd1d6 Ra8b8
24.Rf1f3 h5
25.Nc3d5 Nb6xd5
26.exd5 Ng4f6
27.c4 a5
28.b5 Bd7xb5
29.cxb5 Rb8xb5
30.f5 g5
31.Rf3d3 h4
32.Ng3f1 g4
33.Nf1d2 Rb5b2
34.Kf1 Rf8b8
35.Nd2c4 Rb2c2
36.Nc4b6 Nf6d7
37.Rd3b3 Nd7c5
38.Rb3b1 Rb8e8
39.Rb1e1 Nc5e4
40.Re1xe4 Re8xe4
41.Rd6c6 Rc2a2
42.Rc6c4 Re4xc4
43.Nb6xc4 a4
44.d6 Kf6
45.Nc4e3 Ra2d2
46.Ne3xg4 Kxf5
47.Ng4e3 Ke6
48.g3 hxg3
49.hxg3 Rd2xd6
50.Kf2 Rd6d3
51.Ne3c4 Rd3c3
52.Nc4b6 Rc3xa3
53.g4 Ra3a2
54.Ke3 a3
55.Nb6c4 Ra2a1
56.Nc4xa3 Ra1xa3
57.Kf4 Kf6
58.g5 Kg6
59.Kg4 Ra3a4
60.Kf3 Kxg5
{ resign }
0-1

[Event "Match"]
[Site "www.echecsemail.com"]
[Date "2016.01.14"]
[Round "1"]
[White "Xkafi"]
[Black "Pinehill"]
[WhiteElo "2000"]
[BlackElo "2110"]
[Result "0-1"]
[Round "1"]
1.e4 d5
2.exd5 Ng8f6
3.c4 e6
4.dxe6 Bc8xe6
5.Ng1f3 Bf8c5
6.d4 Bc5b4
7.Nb1c3 Qd8e7
8.Bc1d2 Be6xc4
9.Bf1e2 Bc4xe2
10.Nc3xe2 Nb8c6
11.O-O Bb4xd2
12.Qd1xd2 O-O-O
13.Rf1e1 Rh8e8
14.Ne2c3 Qe7d7
15.Ra1d1 Nf6d5
16.Nf3e5 Nc6xe5
17.Re1xe5 Nd5xc3
18.Re5xe8 Nc3xd1
19.Re8xd8 Kxd8
20.Qd2xd1 c5
21.d5 b5
22.Qd1d2 Qd7b7
23.Qd2g5 f6
24.Qg5f5 Qb7e7
25.h4 Qe7e1
26.Kh2 Qe1e5
27.Qf5xe5 fxe5
28.Kg3 Kd7
29.Kf3 Kd6
30.Ke4 c4
31.a3 a5
32.g3 b4
33.axb4 axb4
34.f4 exf4
35.gxf4 c3
36.bxc3 bxc3
37.Kd3 Kxd5
38.Kxc3 Ke4
39.f5 Kxf5
40.Kd4 Kg4
41.Ke4 Kxh4
{ resign }
0-1

[Event "Match"]
[Site "www.echecsemail.com"]
[Date "2016.01.14"]
[Round "1"]
[White "Pinehill"]
[Black "Joseph1983"]
[WhiteElo "2110"]
[BlackElo "2200"]
[Result "0-1"]
[Round "1"]
1.e4 c5
2.Ng1f3 d6
3.d4 cxd4
4.Nf3xd4 Ng8f6
5.Nb1c3 a6
6.f3 e5
7.Nd4b3 Bc8e6
8.Nc3d5 Be6xd5
9.exd5 Nb8d7
10.Bc1g5 h6
11.Bg5xf6 Nd7xf6
12.c4 Bf8e7
13.Bf1d3 O-O
14.Qd1c2 Ra8c8
15.Qc2e2 Qd8b6
16.O-O-O Nf6xd5
17.Kb1 Nd5f4
18.Qe2d2 Nf4xd3
19.Qd2xd3 Rc8c6
20.g4 Rf8c8
21.Rd1c1 Qb6c7
22.Qd3e4 Be7g5
23.Rc1c2 b5
24.h4 Bg5f4
25.g5 Rc6xc4
26.Rc2xc4 Qc7xc4
27.gxh6 Bf4xh6
{ resign }
0-1

[Event "Match"]
[Site "www.echecsemail.com"]
[Date "2016.01.14"]
[Round "1"]
[White "Billyg"]
[Black "Papablanca"]
[WhiteElo "1650"]
[BlackElo "1499"]
[Result "1-0"]
[Round "1"]
1.e4 c5
2.Ng1f3 d6
3.h3 g6
4.Nb1c3 Bf8g7
5.Bf1b5 Bc8d7
6.Bb5xd7 Nb8xd7
7.O-O Ng8f6
8.Rf1e1 O-O
9.d4 cxd4
10.Nf3xd4  { time }
1-0

[Event "Match"]
[Site "www.echecsemail.com"]
[Date "2016.01.14"]
[Round "1"]
[White "Forest"]
[Black "Guidom"]
[WhiteElo "1570"]
[BlackElo "2050"]
[Result "1/2-1/2"]
[Round "1"]
1.c4 e5
2.Nb1c3 c5
3.g3 d6
4.Bf1g2 Nb8c6
5.d3 Bc8e6
6.Ng1f3 Bf8e7
7.O-O Ng8f6
8.Nf3g5 O-O
9.Ng5xe6 fxe6
10.b3 Qd8d7
11.Bc1b2 a6
12.Qd1d2 h6
13.e3 Ra8d8
14.h3 d5
15.cxd5 exd5
16.Nc3e2 d4
17.e4 b6
18.f4 Be7d6
19.fxe5 Bd6xe5
20.Ne2f4 Qd7e8
21.g4 Be5xf4
22.Rf1xf4 Nc6e5
23.Ra1f1 Qe8e6
24.Rf4f5 b5
25.g5 Nf6h5
26.Rf5xf8 { draw }
1/2-1/2

[Event "Match"]
[Site "www.echecsemail.com"]
[Date "2016.01.14"]
[Round "1"]
[White "Gimmyg"]
[Black "Starwind"]
[WhiteElo "2490"]
[BlackElo "1809"]
[Result "1/2-1/2"]
[Round "1"]
1.d4 Ng8f6
2.c4 g6
3.Ng1f3 Bf8g7
4.Nb1c3 d5
5.Qd1c2 c6
6.cxd5 cxd5
7.Bc1f4 Nb8c6
8.e3 O-O
9.Bf1e2 Bc8f5
10.Qc2b3 Nc6a5
11.Qb3b4 Nf6e4
12.Ra1c1 Ne4xc3
13.Rc1xc3 Qd8b6
14.Qb4xb6 axb6
15.Kd2 Na5c4
16.Be2xc4 dxc4
17.Rc3xc4 Ra8xa2
18.Rc4b4 Rf8a8
{ draw }
1/2-1/2

[Event "Match"]
[Site "www.echecsemail.com"]
[Date "2016.01.14"]
[Round "1"]
[White "Jackbauer"]
[Black "Nugun"]
[WhiteElo "1399"]
[BlackElo "1600"]
[Result "1-0"]
[Round "1"]
1.d4 Ng8f6
2.Bc1f4 e6
3.a3 Nf6e4
4.Ng1f3 b6
5.e3 Bc8b7
6.Bf1d3 Bf8e7
7.Nb1d2 Ne4f6
8.c4 d5
9.O-O Nb8c6
10.Rf1e1 O-O
11.h3 h6
12.Qd1c2 Bb7a6
13.g4 Qd8d7
14.Qc2a4 Ba6b7
15.Qa4c2 a6
16.Bf4e5 h5
17.g5 Nc6xe5
18.Nf3xe5 Qd7d6
19.gxf6 Be7xf6
20.Nd2f3 c5
21.b3 Bf6e7
22.Kg2 dxc4
23.Ne5xc4 Qd6c6
24.Nc4e5 Qc6d5
25.e4 Qd5d6
26.Ne5c4 Qd6c7
27.Re1g1 Be7f6
28.Qc2c3 Ra8d8
29.Bd3c2 cxd4
30.Qc3d3 b5
31.Nc4d2 e5
32.Ra1c1 Qc7b6
33.Kh1 g6
34.a4 bxa4
35.bxa4 a5
36.Nd2c4 Qb6e6
37.Nf3g5 Bf6xg5
38.Rg1xg5 Qe6f6
39.Rg5g2 Qf6f4
40.Rc1b1 Bb7c6
41.Nc4xa5 Bc6d7
42.Bc2d1 f5
43.Rg2xg6 Kh7
44.Rg6g2 fxe4
45.Qd3a6 Rf8g8
46.Qa6f1 Bd7xh3
47.Rb1b7 Kh8
48.Rg2xg8 Rd8xg8
49.Qf1xh3 d3
50.Qh3xh5 Qf4h6
51.Qh5xh6 
1-0

[Event "Match"]
[Site "www.echecsemail.com"]
[Date "2016.01.14"]
[Round "1"]
[White "Tonino1"]
[Black "Susov"]
[WhiteElo "1990"]
[BlackElo "1880"]
[Result "1-0"]
[Round "1"]
1.d4 d5
2.Ng1f3 Nb8c6
3.e3 Ng8f6
4.Bf1d3 Bc8g4
5.Nb1d2 e5
6.dxe5 Nc6xe5
7.Bd3e2 Bg4xf3
8.Nd2xf3 Bf8d6
9.O-O O-O
10.b3 Qd8e7
11.Bc1b2 c6
12.Qd1d4 c5
13.Qd4c3 Nf6e4
14.Qc3e1 Qe7f6
15.Nf3xe5 Bd6xe5
16.Bb2xe5 Qf6xe5
17.f4 Qe5f5
18.g4 Qf5f6
19.Be2d3 Ra8d8
20.c4 d4
21.Bd3xe4 d3
22.Ra1d1 Qf6b2
23.Qe1d2 Qb2xd2
24.Rd1xd2 b6
25.Rf1d1 Rf8e8
26.Rd2xd3 Rd8xd3
27.Rd1xd3 g6
28.Be4d5 Kg7
29.e4 Re8d8
30.e5 Kh6
31.Rd3h3 Kg7
32.f5 g5
33.e6 fxe6
34.fxe6 Rd8e8
35.Rh3f3 Kg6
36.Rf3f7 h6
37.Bd5e4 { resign }
1-0

[Event "Match"]
[Site "www.echecsemail.com"]
[Date "2016.01.14"]
[Round "1"]
[White "Pariolinius"]
[Black "Kacuk"]
[WhiteElo "1960"]
[BlackElo "1860"]
[Result "1-0"]
[Round "1"]
1.Ng1f3 d5
2.g3 Ng8f6
3.Bf1g2 e6
4.d4 Bf8d6
5.O-O O-O
6.Bc1g5 Nb8d7
7.c4 dxc4
8.Nb1c3 Ra8b8
9.Qd1c2 b5
10.a3 Bc8b7
11.e4 e5
12.d5 c6
13.Ra1d1 Qd8c7
14.Bg2h3 a5
15.Rf1e1 cxd5
16.exd5 b4
17.Nc3b5 b3
18.Qc2c3 Qc7c5
19.Nb5xd6 Qc5xd6
20.Bh3xd7 Nf6xd7
21.Nf3xe5 Nd7xe5
22.Re1xe5 f6
23.Re5e6 Qd6c7
24.Bg5f4 Qc7c5
25.Bf4xb8 Rf8xb8
26.d6 Bb7d5
27.d7 Bd5xe6
28.d8Q Rb8xd8
29.Rd1xd8 Kf7
30.Rd8d1 Be6g4
31.Rd1e1 Bg4h3
32.Qc3f3 Qc5f5
33.Qf3xf5 Bh3xf5
34.f4 c3
35.g4 Bf5c2
36.bxc3 b2
37.Kf2 { resign }
1-0

[Event "Match"]
[Site "www.echecsemail.com"]
[Date "2016.01.14"]
[Round "1"]
[White "Starwind"]
[Black "Guidom"]
[WhiteElo "1809"]
[BlackElo "2100"]
[Result "1-0"]
[Round "1"]
1.e4 e5
2.Ng1f3 Nb8c6
3.Bf1b5 a6
4.Bb5a4 Ng8f6
5.O-O d6
6.Ba4xc6 bxc6
7.d4 exd4
8.Qd1xd4 c5
9.Qd4d3 Bc8b7
10.Nb1c3 Bf8e7
11.Bc1f4 Qd8c8
12.Rf1e1 O-O
13.Ra1d1 Rf8d8
14.h3 h6
15.b3 Nf6d7
16.Nc3d5 Bb7xd5
17.exd5 Be7f6
18.Nf3h2 Nd7e5
19.Bf4xe5 Bf6xe5
20.Nh2g4 f6
21.Qd3g6 Kh8
22.f4 Be5d4
23.Rd1xd4 cxd4
24.Ng4xf6 gxf6
25.Re1e7 { resign }
1-0

[Event "Match"]
[Site "www.echecsemail.com"]
[Date "2016.01.14"]
[Round "1"]
[White "Hundegana"]
[Black "Ericleo1980"]
[WhiteElo "2000"]
[BlackElo "2260"]
[Result "1/2-1/2"]
[Round "1"]
1.e4 c5
2.d3 d6
3.Bf1e2 Ng8f6
4.c4 Nb8c6
5.Ng1f3 Bc8g4
6.h3 Bg4h5
7.g4 Bh5g6
8.a3 e6
9.Nb1c3 Qd8b6
10.Qd1c2 Bf8e7
11.Ra1b1 a6
12.Bc1e3 Qb6a5
13.O-O O-O
14.Qc2b3 Ra8b8
15.Kg2 b5
16.Rf1d1 b4
17.axb4 Rb8xb4
18.Qb3a3 Qa5b6
19.b3 Rf8b8
20.Nc3a4 Qb6b7
21.Be3d2 Rb4xb3
22.Rb1xb3 Qb7xb3
23.Qa3xb3 Rb8xb3
24.Rd1a1 h6
25.Na4c3 a5
26.Be2d1 Rb3b2
27.Bd1a4 Nc6d4
28.Bd2c1 Rb2b7
29.Nf3xd4 cxd4
30.Nc3e2 e5
31.Kg3 Be7d8
32.f4 Nf6xe4
33.dxe4 Bg6xe4
34.fxe5 dxe5
35.c5 Rb7b8
36.Bc1a3 Rb8c8
37.Ra1c1 Bd8g5
38.Rc1e1 Be4d5
39.h4 Bg5d2
40.Re1d1 Bd2e3
41.Ne2g1 e4
42.Ng1h3 d3
43.Nh3f4 Bd5c4
44.c6 d2
45.Ba3b2 Rc8xc6
46.Ba4xc6 Bc4b3
47.Rd1a1 d1Q
48.Ra1xd1 Bb3xd1
49.Nf4d5 Be3c5
50.Nd5c3 e3
51.Bc6b5 Bc5d6
52.Kh3 Bd1f3
53.Nc3e2 Bf3d5
54.Bb2d4 Bd5e6
55.Bd4xe3 h5
56.Ne2f4 Be6xg4
57.Kg2 Bd6e7
58.Kg3 Be7d6
59.Be3b6 f6
60.Bb6xa5 g5
61.hxg5 fxg5
62.Ba5d2 gxf4
63.Bd2xf4 Bd6xf4
64.Kxf4 Kf7
65.Kg5 Bg4f3
66.Bb5d3 Kg7
{ draw }
1/2-1/2

[Event "1/64 Finale"]
[Site "www.chess-mail.com"]
[Date "2016.01.14"]
[Round "1"]
[White "Mitja"]
[Black "Vitoriccardo"]
[WhiteElo "1910"]
[BlackElo "1890"]
[Result "1/2-1/2"]
[Round "1"]
1.d4 Ng8f6
2.e3 g6
3.Ng1f3 Bf8g7
4.c3 d5
5.Nb1d2 O-O
6.Nd2b3 Bc8g4
7.Bf1e2 Bg4xf3
8.Be2xf3 c6
9.O-O Nb8d7
10.Rf1e1 e5
11.dxe5 Nd7xe5
12.h3 Rf8e8
13.Nb3c5 b6
14.Nc5b3 Ne5xf3
15.Qd1xf3 c5
16.Re1d1 Qd8e7
17.Nb3d2 Ra8d8
18.Nd2f1 Qe7e4
19.Qf3e2 Qe4e7
20.Nf1g3 Nf6e4
21.Ng3xe4 Qe7xe4
22.Bc1d2 d4
23.cxd4 cxd4
24.Qe2c4 dxe3
25.Qc4xe4 exf2
26.Kxf2 Re8xe4
27.Ra1b1 Rd8e8
28.b3 Re4e2
29.Kf1 Bg7d4
30.Bd2e1 Bd4g7
31.a4 Kf8
32.Be1b4 Kg8
33.Kg1 Re2b2
34.Rb1xb2 Bg7xb2
35.Rd1d7 a5
36.Rd7e7 Re8xe7
37.Bb4xe7 f5
38.Kf2 Kf7
39.Be7d8 Bb2d4
40.Ke2 Ke6
41.Kd3 Kd5
42.Bd8g5 Bd4e5
43.Bg5d8 Be5d4
44.Bd8g5 Bd4c5
45.Bg5f4 Bc5e7
46.Bf4e3 Be7d8
47.Be3f4 g5
48.Bf4g3 h5
49.Bg3f2 Bd8c7
50.Bf2e3 f4
51.Be3f2 g4
52.hxg4 hxg4
53.Bf2g1 Bc7d6
54.Bg1xb6 Bd6c5
55.Bb6xa5 g3
56.Ba5e1 f3
57.Be1xg3 fxg2
58.Bg3h2 Bc5d6
{ draw }
1/2-1/2

[Event "Eq:Team USA-Royal chess : "]
[Site "www.chess-mail.com"]
[Date "2016.01.14"]
[Round "1"]
[White "Gatrooper"]
[Black "Osmundw"]
[WhiteElo "1620"]
[BlackElo "1380"]
[Result "1-0"]
[Round "1"]
1.e4 e6
2.a3 d6
3.d4 e5
4.d5 Ng8f6
5.Nb1c3 Bc8g4
6.f3 Nb8d7
7.fxg4 Nd7c5
8.h3 Nc5xe4
9.Nc3xe4 Nf6xd5
10.Bc1g5 Nd5e3
11.Bg5xe3 d5
12.Ne4g5 f6
13.Ng5e6 Qd8d7
14.Ne6xf8 Kxf8
15.Be3c5 Kg8
16.c4 Qd7c6
17.b4 b5
18.cxb5 Qc6xb5
19.Bf1xb5 Ra8b8
20.Qd1xd5 { resign }
1-0

[Event "Fast Game"]
[Site "www.echecsemail.com"]
[Date "2016.01.14"]
[Round "1"]
[White "Hennie4820"]
[Black "Attatroll"]
[WhiteElo "1800"]
[BlackElo "1730"]
[Result "0-1"]
[Round "1"]
1.e4 c5
2.Ng1f3 Nb8c6
3.d4 cxd4
4.Nf3xd4 g6
5.c4 Bf8g7
6.Bc1e3 Nc6xd4
7.Be3xd4 e5
8.Bd4c5 Qd8a5
{ resign }
0-1

[Event "Tourn. n8520"]
[Site "www.chess-mail.com"]
[Date "2016.01.15"]
[Round "1"]
[White "Ipswich"]
[Black "Jjmcbride"]
[WhiteElo "1460"]
[BlackElo "1590"]
[Result "1-0"]
[Round "1"]
1.Ng1f3 d5
2.d4 e6
3.Bc1f4 Bf8d6
4.e3 Ng8f6
5.Bf1d3 h6
6.O-O O-O
7.Nb1d2 b6
8.c4 Bc8a6
9.Bf4xd6 cxd6
10.Qd1e2 Ba6b7
11.b3 Nb8c6
12.Ra1c1 dxc4
13.Bd3xc4 d5
14.Bc4d3  { time }
1-0

[Event "Tourn. n8413"]
[Site "www.chess-mail.com"]
[Date "2016.01.15"]
[Round "1"]
[White "Asoka"]
[Black "Schwiizer"]
[WhiteElo "2660"]
[BlackElo "2770"]
[Result "0-1"]
[Round "1"]
1.f4 d5
2.Ng1f3 Ng8f6
3.e3 Bc8f5
4.Bf1e2 h6
5.c4 e6
6.O-O c6
7.b3 Bf8e7
8.Bc1b2 O-O
9.Nb1c3 Nb8d7
10.d3 Rf8e8
11.Qd1d2 Be7d6
12.Ra1d1 Qd8c7
13.Rd1c1 dxc4
14.bxc4 Ra8d8
15.Nc3a4 b6
16.Nf3d4 Bf5h7
17.Nd4b3 e5
18.g3 Bd6f8
19.f5 e4
20.d4 Nd7e5
21.Qd2c2 Ne5f3
22.Be2xf3 exf3
23.Rf1xf3 Nf6e4
24.Na4c3 Ne4g5
25.Rc1f1 b5
26.c5 a5
27.g4 Ng5xf3
28.Rf1xf3 Rd8d7
29.Nb3d2 Qc7d8
30.Nc3e4 f6
31.a3 Kh8
32.Ne4f2 Bh7g8
33.Qc2c3 Rd7b7
34.e4 b4
35.Qc3c1 Bg8f7
36.Rf3d3 Qd8b8
37.axb4 Re8d8
38.Kg2 Rb7b5
39.Rd3h3 Kg8
40.Nf2d3 axb4
41.Nd2c4 Qb8a7
42.e5 fxe5
43.Nc4xe5 Qa7a2
44.Ne5xf7 Qa2xf7
45.Rh3f3 Bf8e7
46.Qc1e1 Be7g5
47.Qe1e4 Qf7d5
48.Qe4xd5 Rd8xd5
49.h3 Bg5f6
50.Rf3f4 b3
51.Rf4e4 Rb5a5
52.Kf3 Ra5a8
53.Nd3f4 Rd5d7
54.Re4e3 Ra8b8
55.Nf4e6 Kf7
56.Re3e1 Rd7a7
57.Ke4 Ra7a2
58.Re1b1 g6
59.Ne6f4 gxf5
60.gxf5 Rb8d8
61.Kf3 Bf6xd4
62.Nf4e6 Ra2xb2
63.Ne6xd8 Ke8
64.Rb1e1 Kxd8
65.Re1d1 Ke7
66.Rd1xd4 Rb2b1
67.Rd4d2 b2
68.Rd2e2 Kf7
69.Re2f2 Kg7
{ resign }
0-1

[Event "Tourn. n8550"]
[Site "www.chess-mail.com"]
[Date "2016.01.15"]
[Round "1"]
[White "Hansen"]
[Black "Chessexpert"]
[WhiteElo "1530"]
[BlackElo "1480"]
[Result "0-1"]
[Round "1"]
1.c3 e5
2.e3 d5
3.h3 Ng8f6
4.g4 h5
5.g5 Nf6e4
6.h4 Nb8c6
7.Qd1b3 a5
8.Bf1d3 Ne4c5
9.Qb3c2 Nc5xd3
10.Qc2xd3 e4
11.Qd3e2 Nc6e5
12.Qe2b5 c6
13.Qb5b3 Ne5d3
14.Kd1 Nd3xf2
15.Ke2 Nf2xh1
16.c4 Bc8g4
17.Ke1 Qd8c7
18.cxd5 Qc7g3
{ resign }
0-1

[Event "Tourn. n8553"]
[Site "www.chess-mail.com"]
[Date "2016.01.15"]
[Round "1"]
[White "Goofy"]
[Black "Tonino1"]
[WhiteElo "2260"]
[BlackElo "2070"]
[Result "1-0"]
[Round "1"]
1.e4 c5
2.Ng1f3 d6
3.d4 cxd4
4.Nf3xd4 Ng8f6
5.Nb1c3 g6
6.Bc1e3 Bf8g7
7.f3 O-O
8.Qd1d2 Rf8e8
9.O-O-O Nb8c6
10.g4 Nc6xd4
11.Be3xd4 Bc8e6
12.g5 Nf6h5
13.Bd4xg7 Nh5xg7
14.h4 Ra8c8
15.f4 Qd8a5
16.a3 Rc8c7
17.Nc3d5 Qa5xd2
18.Rd1xd2 Be6xd5
19.Rd2xd5 Ng7h5
20.f5 Nh5g3
21.Rh1g1 Ng3xe4
22.fxg6 hxg6
23.Bf1e2 Re8c8
24.c3 Rc7c5
25.Rd5d3 b5
26.Rd3e3 d5
27.Be2d3 Ne4f2
28.Bd3b1 d4
29.Re3f3 dxc3
30.Rf3xf2 cxb2
31.Kxb2 Rc5c4
32.Bb1a2 Rc4xh4
33.Rf2xf7 Kh8
34.Rf7xe7 Rh4h2
35.Ka1 Rc8c2
36.Ba2b1 Rc2g2
37.Rg1c1 { resign }
1-0

[Event "Tourn. n8535"]
[Site "www.chess-mail.com"]
[Date "2016.01.15"]
[Round "1"]
[White "Mrmoto"]
[Black "Jjmcbride"]
[WhiteElo "1530"]
[BlackElo "1610"]
[Result "1-0"]
[Round "1"]
1.e4 e5
2.Ng1f3 Bf8d6
3.d4 exd4
4.Qd1xd4 f6
5.Bf1c4 Nb8c6
6.Qd4d1 Qd8e7
7.a3 g5
8.h3 Qe7xe4
9.Bc4e2 Bd6e5
10.O-O Ng8e7
11.Rf1e1 Qe4f5
12.Be2d3 Qf5e6
13.g4  { time }
1-0

[Event "Tourn. n8541"]
[Site "www.chess-mail.com"]
[Date "2016.01.15"]
[Round "1"]
[White "Raven16"]
[Black "Guidom"]
[WhiteElo "2030"]
[BlackElo "2090"]
[Result "1-0"]
[Round "1"]
1.e4 e5
2.Ng1f3 Nb8c6
3.Bf1b5 a6
4.Bb5a4 Ng8f6
5.O-O d6
6.Rf1e1 Bc8g4
7.h3 Bg4xf3
8.Qd1xf3 b5
9.Ba4b3 Nc6d4
10.Qf3g3 Nd4xb3
11.axb3 c5
12.c3 g6
13.d4 cxd4
14.cxd4 Nf6h5
15.Qg3e3 exd4
16.Qe3xd4 Bf8g7
17.Qd4d5 O-O
18.Nb1c3 Qd8b6
19.Bc1e3 Qb6b8
20.Be3d4 Bg7xd4
21.Qd5xd4 Qb8c7
22.Nc3d5 Qc7d8
23.Re1d1 Nh5g7
24.Nd5f6 Kh8
25.Qd4xd6 Qd8c8
26.Ra1c1 Qc8b7
27.Rc1c7 Qb7b8
28.Nf6d7 { resign }
1-0

[Event "Tourn. n8468"]
[Site "www.chess-mail.com"]
[Date "2016.01.15"]
[Round "1"]
[White "Raven16"]
[Black "Alvarin111"]
[WhiteElo "1839"]
[BlackElo "1990"]
[Result "1-0"]
[Round "1"]
1.e4 e6
2.d4 d5
3.Nb1d2 Bf8e7
4.Bf1d3 Ng8h6
5.Ng1f3 O-O
6.e5 f6
7.O-O f5
8.Rf1e1 Nb8c6
9.a3 a6
10.Nd2f1 Nc6a7
11.Bc1xh6 Rf8f7
12.Bh6d2 c5
13.c4 b5
14.b3 Bc8b7
15.Qd1c1 h6
16.cxb5 Na7xb5
17.dxc5 Ra8c8
18.b4 a5
19.Bd3xb5 Be7h4
20.Nf3d4 Qd8e7
21.g3 f4
22.gxh4 f3
23.Nf1g3 Qe7xh4
24.Qc1c3 Qh4h3
25.Nd4xf3 d4
26.Qc3xd4 Bb7xf3
27.Bb5f1 Qh3g4
28.Qd4xg4 Bf3xg4
29.Ng3e4 Rc8f8
30.Bd2e3 Rf7f5
31.f4 Rf8a8
32.Ne4d6 Rf5h5
33.c6 g5
34.c7 gxf4
35.Be3xf4 Ra8f8
36.c8Q Rf8xc8
37.Nd6xc8 axb4
38.axb4 Kg7
39.Ra1a7 Kg6
40.Bf1d3 Bg4f5
41.Bd3xf5 Rh5xf5
42.Nc8e7 Kh5
43.Ne7xf5 exf5
44.Ra7g7 Kh4
45.Re1e3 h5
46.Bf4g5 Kg4
47.Re3g3 
1-0

[Event "Tourn. n8530"]
[Site "www.chess-mail.com"]
[Date "2016.01.15"]
[Round "1"]
[White "Francesco"]
[Black "Expert"]
[WhiteElo "1960"]
[BlackElo "1910"]
[Result "1/2-1/2"]
[Round "1"]
1.e4 d6
2.d4 g6
3.c4 Bf8g7
4.Nb1c3 Nb8c6
5.Bc1e3 e5
6.d5 Nc6e7
7.c5 Ng8h6
8.cxd6 cxd6
9.Bf1b5 Bc8d7
10.Ng1f3 O-O
11.O-O Nh6g4
12.Be3g5 Bd7xb5
13.Nc3xb5 Qd8d7
14.h3 Ng4f6
15.Qd1d3 a6
16.Nb5c3 h6
17.Bg5e3 Ra8c8
18.Ra1c1 b5
19.b4 Rc8c4
{ draw }
1/2-1/2